书目信息 |
| 题名: |
电视解说
|
|
| 作者: | 徐舫州 著 | |
| 分册: | ||
| 出版信息: | 北京 北京师范大学出版社 2009 |
|
| 页数: | 306页 | |
| 开本: | 23cm | |
| 丛书名: | ||
| 单 册: | ||
| 中图分类: | G222.1 | |
| 科图分类: | ||
| 主题词: | 电视节目--解说词--写作--高等学校--教材 , 电视文学 , 解说词 , 写作 | |
| 电子资源: | ||
| ISBN: | 978-7-303-09417-2 | |
| 000 | 01009nam0 2200289 45 | |
| 001 | 1029818937 | |
| 005 | 20100428151152.09 | |
| 010 | @a978-7-303-09417-2@dCNY35.00 | |
| 100 | @a20100419d2009 em y0chiy50 ea | |
| 101 | 0 | @achi |
| 102 | @aCN@b110000 | |
| 105 | @aa z 000yy | |
| 106 | @ar | |
| 200 | 1 | @a电视解说@ADian Shi Jie Shuo@e安排与处理@EAn Pai Yu Chu Li@f徐舫州著@FXu Fang Zhou Zhu |
| 210 | @a北京@c北京师范大学出版社@d2009 | |
| 215 | @a306页@c图@d23cm | |
| 300 | @a普通高等教育“十一五”国家级规划教材新世纪高等学校教材电视学专业课系列教材 | |
| 330 | @a本书内容包括:电视解说词的应用范围和相关准备、电视语言的合理运用、电视解说的语言特点、电视解说词的合理位置、电视解说的功能与作用等。 | |
| 517 | 1 | @a安排与处理@AAn Pai Yu Chu Li |
| 606 | 0 | @a电视节目@x解说词@x写作@x高等学校@j教材 |
| 606 | 0 | @a电视文学 |
| 606 | 0 | @a解说词 |
| 606 | 0 | @a写作 |
| 690 | @aG222.1@v4 | |
| 701 | 0 | @a徐舫州@AXu Fang Zhou@4著 |
| 801 | 0 | @aCN@bTANGWEI@c20100428 |
| 905 | @b0592644-48@dG222.1@e106@f5 | |
| 电视解说:安排与处理/徐舫州著.-北京:北京师范大学出版社,2009 |
| 306页:图;23cm |
| 普通高等教育“十一五”国家级规划教材新世纪高等学校教材电视学专业课系列教材 |
| ISBN 978-7-303-09417-2:CNY35.00 |
| 本书内容包括:电视解说词的应用范围和相关准备、电视语言的合理运用、电视解说的语言特点、电视解说词的合理位置、电视解说的功能与作用等。 |
| ● |
| 相关链接 |
|
|
|
|
正题名:电视解说
索取号:G222.1/106
 
预约/预借
| 序号 | 登录号 | 条形码 | 馆藏地/架位号 | 状态 | 备注 |
| 1 | 0592644 | 205926444 | 第一样本阅览室/ [索取号:G222.1/106] | 在馆 | |
| 2 | 0592645 | 205926453 | 第四借阅区/ [索取号:G222.1/106] | 在馆 | |
| 3 | 0592646 | 205926462 | 第四借阅区/ [索取号:G222.1/106] | 在馆 | |
| 4 | 0592647 | 205926471 | 第四借阅区/ [索取号:G222.1/106] | 在馆 | |
| 5 | 0592648 | 205926480 | 第四借阅区/ [索取号:G222.1/106] | 在馆 |